000 01030cam a2200277 a 4500
001 000012119
003 DO-SdBNP
005 20250701111126.0
008 000202s1999 ck a b 000 0 spa
020 _a9586831086
040 _aDO-SdBNP
_cDLC
_dBNPHU
049 _aBNGR
082 4 _a379.158
_bF981f
_222
245 0 0 _aFundamentos teóricos y práctica de la autoevaluación de programas académicos en la educación superior /
_cGuillermo Cepeda López ... [et al.].
260 _aSanta Fé de Bogotá :
_bCentro Editorial Javeriana,
_c1999.
300 _a161 p. :
_bil. ;
_c24 cm.
504 _aIncluye referencias bibliográficas: (p. 153-160).
650 0 _aEducación superior
_zColombia
_9736
650 4 _aUniversidades
_xEvaluación
_928648
700 1 _aCepeda López, Guillermo.
_928650
700 1 _aMiranda Cárdenas, Ana Cristina.
_928651
700 1 _aPérez Piñeros, María Dolores.
_928652
700 1 _aRodríguez Malagón, Nelsy.
_928653
910 _aCatalogación por copia / LC
942 _2ddc
_cLBS1
999 _c11784
_d11784